Analysis of linear systems (Record no. 4150)

000 -LEADER
fixed length control field 00506nam a22001931 4500
001 - CONTROL NUMBER
control field 4150
003 - CONTROL NUMBER IDENTIFIER
control field BD-DhUET
008 - FIXED-LENGTH DATA ELEMENTS--GENERAL INFORMATION
fixed length control field 790416s1959 maua 000 0 eng
040 ## - CATALOGING SOURCE
Original cataloging agency DLC
Transcribing agency DLC
Modifying agency BD-DhUET
082 ## - DEWEY DECIMAL CLASSIFICATION NUMBER
Classification number 629.83
Item number CHE/1959
100 1# - MAIN ENTRY--PERSONAL NAME
Personal name Cheng, David K.
245 00 - TITLE STATEMENT
Title Analysis of linear systems
250 ## - EDITION STATEMENT
Edition statement 1st ed.
260 ## - PUBLICATION, DISTRIBUTION, ETC. (IMPRINT)
Place of publication, distribution, etc. London
Name of publisher, distributor, etc. Addison-Wesley Publishing
Date of publication, distribution, etc. 1959
300 ## - PHYSICAL DESCRIPTION
Extent 431 p.
490 0# - SERIES STATEMENT
Series statement Addison-Wesley series in electrical engineering
650 #0 - SUBJECT ADDED ENTRY--TOPICAL TERM
Topical term or geographic name as entry element Linear Systems
942 ## - ADDED ENTRY ELEMENTS (KOHA)
Koha item type General Book
Holdings
Shelving location Koha date last seen Koha item type Copy number Date acquired Withdrawn status Not for loan Koha full call number Price effective from Koha normalized classification for sorting Sublocation or collection (holding branch) Source of classification or shelving scheme Lost status Damaged status Piece designation (barcode) Location (home branch)
Circulation section2014-11-13General Book12014-11-13  629.83/CHE/19592014-11-13629_000000000000000_83CHE1959Central Library, BUET   78368Central Library, BUET
Circulation section2014-11-13General Book22014-11-13  629.83/CHE/19592014-11-13629_000000000000000_83CHE1959Central Library, BUET   78370Central Library, BUET
Circulation section2014-11-13General Book32014-11-13  629.83/CHE/19592014-11-13629_000000000000000_83CHE1959Central Library, BUET   78369Central Library, BUET
Circulation section2014-11-17General Book42014-11-17  629.83/CHE/19592014-11-17629_000000000000000_83CHE1959Central Library, BUET   8330Central Library, BUET
Circulation section2014-11-17General Book52014-11-17  629.83/CHE/19592014-11-17629_000000000000000_83CHE1959Central Library, BUET   24901Central Library, BUET
Circulation section2017-08-28General Book62014-11-18  629.83/CHE/19592014-11-18629_000000000000000_83CHE1959Central Library, BUET   12682Central Library, BUET
Reading section2015-06-20Reading Item72015-06-20  629.83/CHE/19592015-06-20629_830000000000000_CHE_1959Central Library, BUET   24899Central Library, BUET
Reading section2019-09-07Reading Item82015-06-30  629.83/CHE/19592015-06-30629_830000000000000_CHE_1959Central Library, BUET   12690Central Library, BUET
Reading section2015-06-30Reading Item92015-06-30  629.83/CHE/19592015-06-30629_830000000000000_CHE_1959Central Library, BUET   8327Central Library, BUET
Reading section2015-06-30Reading Item102015-06-30  629.83/CHE/19592015-06-30629_830000000000000_CHE_1959Central Library, BUET   8331Central Library, BUET
Reading section2015-07-04Reading Item112015-07-04  629.83/CHE/19592015-07-04629_830000000000000_CHE_1959Central Library, BUET   8328Central Library, BUET
Circulation section2018-05-12General Book121973-10-04  629.83/CHE/19592018-05-12629_830000000000000_CHE_1959Central Library, BUET   32058Central Library, BUET